00554nam a22001697a 4500003000400000020001800004082001800022100002200040245006700062260002400129300000900153650001700162653001700179942001200196952015900208999001700367SGT a9781265016982 a617.621bG23B aBrunton, Lawrence aGoodman and Gilman's the Pharmacological basis of therapeutics bMc Graw Hill c2023 a1644 aPharmacology aPharmacology 2ddccBK 00102ddc4070aFDbFDcREFd2023-07-12eAhuja Book Co. Pvt. Ltd. iSGTUl1o617.621 G23BpFD9055r2025-05-09 00:00:00s2025-05-09w2023-06-28yBKk16974 c24775d24775